00394nam a2200157Ia 4500008004100000100002100041245003200062260001200094260001100106260000900117300000700126650001100133942000900144999001500153952006800168160221s9999 xx 000 0 und d10aDhanushka,P.B.G. aBiofuel as Renewable Energy aColombo bIchemc c2015 a48 aEnergy cbook c3194d3194 001070aICbICd2016-02-21l0pS0049r2016-02-21 00:00:00yDIS